000
00300nam a22001337a 4500
008
170526b xxu||||| |||| 00| 0 eng d
020
_a
0135713560
041
_a
eng
080
_2
2ND
_a
621(075.8)
100
_a
27
101
_a
IM
245
_a
MECHANICS OF MATERIALS
_c
POPOV, E.P
942
_2
udc
_c
BK
999
_c
14470
_d
14470